Pokemon - Tous les pokémons de départ/starters - Statistiques

Statistiques générales
  • Ce quiz a été pris 12 fois
  • Le résultat moyen est 23 sur 30
Statistiques - réponses
Hint Réponse % Correct
Plante Rouge et Vert Bulbizarre
100%
Eau Rouge et Vert Carapuce
100%
Eau Rubis et Saphir Gobou
100%
Feu Rubis et Saphir Poussifeu
100%
Feu Rouge et Vert Salamèche
100%
Plante Rubis et Saphir Arcko
91%
Plante Soleil et Lune Brindibou
91%
Feu X et Y Feunnec
91%
Eau X et Y Grenousse
91%
Feu Noir et Blanc Gruikui
91%
Feu Or et Argent Héricendre
91%
Eau Noir et Blanc Moustillon
91%
Feu Diamant et Perle Ouisticram
91%
Eau Diamant et Perle Tiplouf
91%
Plante Diamant et Perle Tortipouss
91%
Plante Noir et Blanc Vipélierre
91%
Plante Or et Argent Germignon
82%
Eau Or et Argent Kaiminus
82%
Feu Soleil et Lune Flamiaou
73%
Plante X et Y Marisson
73%
Eau Soleil et Lune Otaquin
73%
Feu Écarlate et Violet Chochodile
64%
Plante Écarlate et Violet Poussacha
64%
Eau Épée et Bouclier Larméléon
55%
Feu Épée et Bouclier Flambino
45%
Plante Épée et Bouclier Ouistempo
45%
Plante Vents et Vagues Broussatif
36%
Feu Vents et Vagues Caloulou
36%
Eau Écarlate et Violet Coiffeton
36%
Eau Vents et Vagues Ogéko
36%
Aucun quiz correspondant
Distribution des résultats
% des personnes avec chaque résultat
Percentile par nombre de réponses
Votre historique - résultats
Vous n’avez pas pris ce quiz